500 3D objects 500 3D models and 500 images

Saved in:
Bibliographic Details
Other Authors: Wiedemann, Julius (Editor)
Format: Electronic
Language:English
Published: Köln : Taschen, 2002.
Subjects:
Tags: Add Tag
No Tags, Be the first to tag this record!

MARC

LEADER 00000cmm a2200000 i 4500
001 1/41401
008 070221s2002 us eng d
020 |a 3822816213   |q (Japanese edition) 
020 |a 4887831331 
035 |l 10087077 
040 |a GR-MyUa  |b gre  |e AACR2 
041 0 |a eng 
082 7 |a 006.693   |2 (22) 
245 1 0 |a 500 3D objects   |h [αρχείο Η/Υ] :   |b 500 3D models and 500 images /   |c J. Wiedemann (ed.). 
260 |a Köln :   |b Taschen,   |c 2002. 
300 |a 2 οπτικές δισκέτες λέϊζερ Η/Υ :   |b έγχρ. ;   |c 4 3/4 ιν. +   |e 2 εγχειρίδια 
500 |a Κείμενα στα αγγλικά, γαλλικά, γερμανικά, ισπανικά, ολλανδικά και ιαπωνικά. 
505 8 |a Εγχειρίδιο 1. Instructions -- Εγχειρίδιο 2. Images. 
538 |a Απαιτήσεις συστήματος: Windows 95, 98, 2000, ME, NT 4.0 ή XP ή Mac 8.1 ή higher ή OSX Classic; 200 MHz Pentium ή Power PC Processor ή καλύτερα; 64 MB of RAM (Win) ή 96 MB από εφαρμογή RAM (Mac); Απαιτήσεις βίντεο: 800x600x 65 k; 20 MB από ελεύθερη μνήμη του σκληρού δίσκου. 
650 0 |a Computer drawing. 
650 0 |a Computer graphics. 
650 0 |a Three-dimensional display systems  |x Catalogs. 
650 0 |a Computer art  |x Technique. 
650 0 |a Graphic arts  |x Computer-aided design. 
650 0 |a Image processing  |x Digital techniques. 
650 0 |a World Wide Web. 
650 0 |a Web publishing. 
700 1 |a Wiedemann, Julius,  |e edt 
852 |a INST  |b LESVOS  |c AV  |e 20070221  |h 006.693 OBJ  |p 005100036900  |q 005100036900  |t ENTH  |y 0  |z cd.1 
852 |a INST  |b LESVOS  |c AV  |e 20070221  |h 006.693 OBJ  |p 005100036901  |q 005100036901  |t ENTH  |y 0  |z cd.2 
852 |a INST  |b LESVOS  |c AV  |e 20070221  |h 006.693 OBJ  |p 005100036902  |q 005100036902  |t ENTH  |y 0  |z εγχ.1 
852 |a INST  |b LESVOS  |c AV  |e 20070221  |h 006.693 OBJ  |p 005100036903  |q 005100036903  |t ENTH  |y 0  |z εγχ.2 
852 |a INST  |b LESVOS  |c AV  |e 20070221  |h 006.693 OBJ  |p 005100036900  |q 005100036900  |t ENTH  |v cd.1:  |y 0  |z cd.1 
852 |a INST  |b LESVOS  |c AV  |e 20070221  |h 006.693 OBJ  |p 005100036901  |q 005100036901  |t ENTH  |v cd.2:  |y 0  |z cd.2 
852 |a INST  |b LESVOS  |c AV  |e 20070221  |h 006.693 OBJ  |p 005100036902  |q 005100036902  |t ENTH  |v εγχ.1:  |y 0  |z εγχ.1 
852 |a INST  |b LESVOS  |c AV  |e 20070221  |h 006.693 OBJ  |p 005100036903  |q 005100036903  |t ENTH  |v εγχ.2:  |y 0  |z εγχ.2 
853 |a INST  |b LESVOS  |c AV  |h 006.693 OBJ 
901 |a BIBL1-2007-2 
920 |a ΔΙΕΥΡΥΝΣΗ  |b ΕΠΕΑΕΚ/ΠΤΕ  |y Λέσβος  |z 2004-10 
970 |a ΚΑΡΑ  |b ΓΙΑΣΕΜΗ  |z 2007/02/21